[Event "Krk Golden Island op 3rd"]
[Site "Malinska"]
[Date "2015.10.18"]
[Round "3"]
[White "Lazic, Dusko"]
[Black "Bogdanic, Katarina"]
[Result "0-1"]
[WhiteElo "1993"]
[BlackElo "1750"]
[PlyCount "88"]
[EventDate "2015.10.17"]
[EventType "swiss"]
[EventRounds "9"]
[EventCountry "CRO"]
[SourceTitle "CBM 168 Extra"]
[Source "ChessBase"]
[SourceDate "2015.10.29"]
[SourceVersion "1"]
[SourceVersionDate "2015.10.29"]
[SourceQuality "1"]

1. Nf3 Nf6 2. g3 g6 3. Bg2 Bg7 4. 0-0 0-0 5. d3 d5 6. Nbd2 c5 7. e4 Nc6 8. c3 e5 9. Qe2 Re8 10. a4 Be6 11. h3 Qd7 12. Ng5 h6 13. Nxe6 Rxe6 14. Qf3 d4 15. c4 Nb4 16. Nb3 Qc7 17. Qe2 a5 18. f4 Nh5 19. Kh2 exf4 20. gxf4 Rf6 21. e5 Rxf4 22. Bxf4 Nxf4 23. Qe4 Bxe5 24. Kh1 Nc2 25. Rxf4 Bxf4 26. Rf1 Bd6 27. Rf2 Ne3 28. Nd2 Nf5 29. Rxf5 gxf5 30. Qxf5 Re8 31. Be4 Bf4 32. Nf3 Bc1 33. Nh4 Qe5 34. Qh7+ Kf8 35. Nf5 Qf6 36. b3 b6 37. Ng3 Re5 38. Kg2 Be3 39. h4 Qf2+ 40. Kh3 Bf4 41. Qh8+ Ke7 42. Qg7 Bxg3 43. Qxg3 Qxg3+ 44. Kxg3 f5 0-1

[Event "CRO-chT2 West"]
[Site "Rijeka"]
[Date "2012.04.22"]
[Round "6.41"]
[White "Baljak, Jadranko"]
[Black "Lazic, Dusko"]
[Result "1/2-1/2"]
[WhiteElo "1895"]
[BlackElo "2028"]
[PlyCount "31"]
[EventDate "2012.03.17"]
[EventType "team-tourn"]
[EventRounds "9"]
[EventCountry "CRO"]
[SourceTitle "EXT 2013"]
[Source "ChessBase"]
[SourceDate "2012.11.22"]
[SourceVersion "1"]
[SourceVersionDate "2012.11.22"]
[SourceQuality "1"]

1. d4 Nf6 2. c4 g6 3. Nc3 Bg7 4. e4 d6 5. Nf3 0-0 6. Be2 Nbd7 7. 0-0 e5 8. Re1 exd4 9. Nxd4 Nc5 10. f3 c6 11. Be3 Re8 12. Bf2 Nh5 13. Qd2 Qf6 14. Be3 Qh4 15. Bf2 Qf6 16. Be3 1/2-1/2

[Event "Porec op"]
[Site "Porec"]
[Date "2011.12.02"]
[Round "4"]
[White "Lazic, Dusko"]
[Black "Rubil, Marko"]
[Result "0-1"]
[WhiteElo "2041"]
[BlackElo "2181"]
[PlyCount "44"]
[EventDate "2011.12.01"]
[EventType "swiss"]
[EventRounds "7"]
[EventCountry "CRO"]
[SourceTitle "CBM 145 Extra"]
[Source "ChessBase"]
[SourceDate "2012.01.03"]
[SourceVersion "1"]
[SourceVersionDate "2012.01.03"]
[SourceQuality "1"]

1. d4 d5 2. Nf3 Nf6 3. Bf4 c5 4. c3 e6 5. e3 Nc6 6. Bd3 Bd6 7. Ne5 Qc7 8. Bb5 0-0 9. Bxc6 bxc6 10. 0-0 Rb8 11. b3 Ne4 12. Nd3 Bxf4 13. Nxf4 e5 14. Nd3 exd4 15. exd4 cxd4 16. cxd4 Re8 17. Nc5 Nxc5 18. dxc5 Qa5 19. Qc1 Rb5 20. Nc3 Rxc5 21. Re1 Be6 22. Rxe6 fxe6 0-1

[Event "EU-ch 11th"]
[Site "Rijeka"]
[Date "2010.03.10"]
[Round "5"]
[White "Cucancic, Sinisa"]
[Black "Lazic, Dusko"]
[Result "1-0"]
[WhiteElo "2271"]
[BlackElo "2046"]
[PlyCount "71"]
[EventDate "2010.03.06"]
[EventType "swiss"]
[EventRounds "11"]
[EventCountry "CRO"]
[SourceTitle "CBM 136"]
[Source "ChessBase"]
[SourceDate "2010.05.18"]
[SourceVersion "1"]
[SourceVersionDate "2010.05.18"]
[SourceQuality "1"]

1. e4 e5 2. Nf3 d6 3. d4 Nd7 4. Bc4 Ngf6 5. dxe5 Nxe5 6. Nxe5 dxe5 7. Bxf7+ Kxf7 8. Qxd8 Bb4+ 9. Qd2 Bxd2+ 10. Nxd2 b6 11. f3 Ba6 12. Nf1 Rhd8 13. Bd2 Rd7 14. Ng3 Rad8 15. 0-0-0 h5 16. Bg5 g6 17. Rxd7+ Rxd7 18. Bxf6 Kxf6 19. Rd1 Re7 20. Kd2 h4 21. Ne2 Ke6 22. Ke3 Rg7 23. Rd8 g5 24. Rh8 g4 25. f4 Bxe2 26. f5+ Kf6 27. Kxe2 Kg5 28. g3 hxg3 29. hxg3 Kf6 30. c3 a6 31. a4 Ke7 32. Rh6 Kd7 33. Re6 Rh7 34. Rxe5 Rh2+ 35. Ke3 Rxb2 36. f6 1-0

[Event "CRO-chT2a"]
[Site "Croatia"]
[Date "2009.10.04"]
[Round "8"]
[White "Ikica, Ante"]
[Black "Lazic, Dusko"]
[Result "1/2-1/2"]
[WhiteElo "2064"]
[BlackElo "2047"]
[PlyCount "110"]
[EventDate "2009.04.04"]
[EventType "team-tourn"]
[EventRounds "9"]
[EventCountry "CRO"]
[SourceTitle "EXT 2011"]
[Source "ChessBase"]
[SourceDate "2010.11.26"]
[SourceVersion "1"]
[SourceVersionDate "2010.11.26"]
[SourceQuality "1"]

1. e4 e5 2. Nf3 Nc6 3. Bb5 a6 4. Ba4 Nf6 5. 0-0 Be7 6. c3 0-0 7. d4 b5 8. Bb3 d6 9. h3 h6 10. Nbd2 Re8 11. Re1 Bf8 12. Nf1 Na5 13. Bc2 Nc4 14. Ng3 Bb7 15. b3 Nb6 16. Bd2 g6 17. Rc1 c5 18. d5 a5 19. Bd3 Ba6 20. Bf1 b4 21. Be3 Bxf1 22. Rxf1 Nfd7 23. Qd2 Kh7 24. Rc2 Bg7 25. Qd3 Qe7 26. Nd2 Rf8 27. Ra1 h5 28. a3 bxc3 29. Rxc3 h4 30. Ngf1 f5 31. f3 f4 32. Bf2 g5 33. Nh2 Nf6 34. Rac1 Rfb8 35. b4 axb4 36. axb4 cxb4 37. Rc6 Nfd7 38. Ng4 Ra3 39. Qc2 Na4 40. Nc4 b3 41. Qd3 Ra2 42. Rb1 Rxf2 43. Nxf2 Ndc5 44. Qd2 Qb7 45. Nxd6 Qb4 46. Qxb4 Rxb4 47. Nf5 Nc3 48. Rxb3 Rxb3 49. Rxc5 Rb1+ 50. Kh2 Ne2 51. Rc7 Ng3 52. Rxg7+ Kh8 53. Rxg5 Nf1+ 54. Kg1 Ng3+ 55. Kh2 Nf1+ 1/2-1/2